Library Logo

Pioneer International University Library Catalogue

OF FRIENDS, MONEY &GOSSIP (Record no. 9672)

MARC details
000 -LEADER
fixed length control field 00430nam a22001577a 4500
003 - CONTROL NUMBER IDENTIFIER
control field OSt
005 - DATE AND TIME OF LATEST TRANSACTION
control field 20251021101644.0
008 - FIXED-LENGTH DATA ELEMENTS--GENERAL INFORMATION
fixed length control field 251021b |||||||| |||| 00| 0 eng d
020 ## - INTERNATIONAL STANDARD BOOK NUMBER
International Standard Book Number 9780340990278
040 ## - CATALOGING SOURCE
Transcribing agency HODDER EDUCATION
050 ## - LIBRARY OF CONGRESS CALL NUMBER
Classification number PR 9387.9 .E35 2009
245 ## - TITLE STATEMENT
Title OF FRIENDS, MONEY &GOSSIP
Remainder of title 3 STORIES AND A PLAY
Statement of responsibility, etc. EHIKHAMENOR
250 ## - EDITION STATEMENT
Edition statement 1ST EDITION
260 ## - PUBLICATION, DISTRIBUTION, ETC.
Place of publication, distribution, etc. LONDON
Name of publisher, distributor, etc. HODDER EDUCATION
Date of publication, distribution, etc. 2009
942 ## - ADDED ENTRY ELEMENTS (KOHA)
Source of classification or shelving scheme Library of Congress Classification
Koha item type Books
Suppress in OPAC No

No items available.